Statistiken für Hauptstädte Asiens

Klicken Sie hier um das Quiz zu spielen!

Allgemein

  • Dieses Quiz wurde 53 mal gespielt
  • Das Durchschnittsergebnis liegt bei 17 aus 21

Antwortstatistiken

HintLandHauptstadt% Korrekt
3SüdkoreaSeoul
100%
1JapanTokio
100%
19ChinaPeking
96%
21TürkeiAnkara
93%
18RusslandMoskau
91%
20IndienNeu Delhi
91%
7ThailandBangkok
89%
17IsraelJerusalem
89%
4TaiwanTaipeh
87%
5IndonesienJakarta
83%
14IranTeheran
83%
2NordkoreaPjöngjang
80%
15Saudi ArabienRiad
80%
16SyrienDamaskus
78%
6VietnamHanoi
78%
12PakistanIslamabad
70%
8BangladeschDhaka
67%
9NepalKathmandu
67%
11KasachstanAstana
65%
13JemenSanaa
65%
10MongoleiUlan Bator
41%

Verteilung der Resultate

Perzentil nach korrekt beantworteten Fragen

Anzahl Personen mit jedem Resultat

Ihre Resultats-Entwicklung

Sie haben dieses Quiz noch nicht gespielt